KATASTROFY NATURALNE WYSTĘPUJĄCE W EUROPIE: - Statystyki

Ogólne statystyki
  • Ten quiz został rozwiązany 51 razy
  • Średni wynik to 3 z 6
Statystyki odpowiedzi
Odpowiedź % Poprawnych
TRZĘSIENIE ZIEMI
85%
POWÓDŹ
80%
HURAGAN
48%
POŻAR
39%
SUSZA
33%
WYBUCH WULKANU
33%
Nie znaleziono quizów pasujących do podanych kryteriów
Rozkład punktacji
Procent ludzi z każdym wynikiem
Percentyl według liczby udzielonych odpowiedzi
Twoja historia wyników
Nie rozwiązałeś tego quizu